000 01183cab a22002055a 4500
001 L138345
008 070531s2007 xxk f w 000 0 eng d
035 _a(Sirsi) u138345
041 0 _aeng
100 1 _aBarry, Mick
245 0 0 _aAll Sportellied-out?
260 _c2007
490 _aNews on the block
_v(33) 2007, 14(1)
520 _aDescribes the effect of the Sportelli case (L135153) setting a 5% limit on deferment rates for flats. Leaseholders wishing to buy with a long lease remaining will see the cost of their flats rise. This will make the enfranchisement of large blocks of flats much harder to achieve. Freeholders will be in a position to offer individual lease holders extensions back up to 99 years with an increase in ground rent. This will be more attractive to most leaseholders. Suggests three possible solutions for leaseholders wishing to buy freehold.
590 _aKA
650 2 4 _aEARL CADOGAN AND ANOTHER V SPORTELLI AND ANOTHER
651 4 _aEngland and Wales
_y1543-
690 _aPROPERTY-RESIDENTIAL PROPERTY-LEASEHOLD RESIDENTIAL PROPERTY-RESIDENTIAL LANDLORD AND TENANT-RESIDENTIAL LEASES-RESIDENTIAL LEASEHOLD ENFRANCHISEMENT
942 _n0
999 _c78837
_d78837